000 00341nam a2200133Ia 4500
008 230524s9999 xx 000 0 und d
020 _a9789380005447
100 _aMark Twain
_936676
245 0 _aSelected Short Stories
260 _bMaple Press
500 _aQuantity Number: 1
650 _aPersonality Development
_936677
942 _cBK
999 _c50699
_d50699